000 00575nam a22001817a 4500
999 _c8454
_d8454
008 201124b ||||| |||| 00| 0 eng d
040 _aBMS College of Architecture
100 _aJain, N Nishitha
245 _aSahyadri University - environmental studies Kudhremukh
300 _a43p.
500 _a1BM14AT059
502 _8B,Arch
_NBMS College of Architecture, Visvesvaraya Technological University (VTU)
_aProject report
_d2018
650 _aUniversity
650 _aEnvironmental
700 _aMamta Verma
_eGuide
700 _aSachin Shetty
_eGuide
942 _2ddc
_cTHE